Chaîne de mots - Métro parisien - Statistiques

Statistiques générales
  • Ce quiz a été pris 516 fois
  • Le résultat moyen est 8 sur 22
Statistiques - réponses
Indices Lignes Réponse % Correct
Lieu de la bataille la plus meurtrière de la 2nd GM, ville désormais nommée Volgograd. Stalingrad
81%
Le passage de la ligne 6 entre Passy et cette station est très prisé des touristes. Bir-Hakeim
70%
Vercingétorix y rendit les armes. Alésia
65%
Fleuve européen traversant Vienne ou encore Budapest. Danube
65%
Ce bâtiment héberge les institutions municipales de la ville de Paris depuis 1357. Hôtel de Ville
64%
Rue homonyme à un diplôme célèbre. Rue du Bac
54%
Théâtre national inaugurée en 1875, cet édifice est aujourd'hui un élément majeur du patrimoine de la capitale. Opéra
53%
Palais ayant accueilli, entre autres, Henri IV et Napoléon III. Tuileries
45%
Cette station est la plus profonde du réseau. Abbesses
42%
Roi d'Angleterre pendant la 1ère GM. George V
41%
Le nom de cette station est aussi celui de la plus grande rue de Paris. Vaugirard
39%
La garde meurt, mais ne se rend pas ! Merde ! Cambronne
29%
Historiquement, le nom de cette station fait référence à une bataille de Clovis. On l'associe aujourd'hui à une université, ou une station de métro… Tolbiac
24%
Apôtre des Indes et saint patron de toutes les missions catholiques. Saint-Francois-Xavier
23%
Malgré sa proximité avec la tour Eiffel, cette station doit sa dénomination à un militaire et homme politique. La Tour-Maubourg
20%
Cherche à réformer la monarchie en affrontant le pouvoir royal exercé par le dauphin Charles, futur roi Charles V. Etienne Marcel
19%
Une corneille semblerait avoir pris domicile dans cette station. Ménilmontant
18%
Cette station doit sa dénomination à sa proximité au jardin du même nom, nommé en l'honneur de Richard Jones. Ranelagh
18%
Ce traité signé de la main de Napoléon en 1797 met fin à la guerre guerre franco-autrichienne. Campo-Formio
16%
Renommée en hommage à un général français ayant combattu aux côtés de Napoléon, cette station fut ouverte en 1909 sous le nom Charenton. Dugommier
16%
Initialement sur la ligne 2 Sud, cette station à ensuite fait partie de la ligne 5 avant d'être cédée à la ligne 6. Edgar Quinet
10%
Héros des cent-jours et Maréchal de France. Exelmans
10%
Aucun quiz correspondant
Distribution des résultats
% des personnes avec chaque résultat
Percentile par nombre de réponses
Votre historique - résultats
Vous n’avez pas pris ce quiz